| 000 | 01837 a2200229 4500 | ||
|---|---|---|---|
| 001 | 29086 | ||
| 005 | 20260407155600.0 | ||
| 008 | 260407a1943 arg spa d | ||
| 003 | AR-UNSa-BCEJYS | ||
| 040 |
_aAR-UNSa-BCEJYS _bspa _cAR-UNSa-BCEJYS |
||
| 080 |
_a657 _xContabilidad |
||
| 245 | 1 | 0 | _aContabilidad de costos |
| 264 | 1 |
_aMéxico : _bUnión Tipográfica Editorial Hispano-Americana (UTEHA) _c1943 |
|
| 300 |
_a2 v. _c23 cm. |
||
| 505 | _aVol. X: Teoría y enunciados de problemas y ejercicios 1. Necesidad y utilidad de la contabilidad de costos - 2. Sistemas y clasificación de costos - 3. Clasificación de cuentas - 4. Mayores auxiliares y registros de costos - 5. Metodo de ordenes espesificas - 6. Contabilización de los materiales - 7. Almacenaje y consumo de materiales - 8. Valoración de materiales - 9. Contabilización del costo de la mano de obra - 10. Particularidades de la contabilización del costo de la mano de obra - 11. Contabilización de gastos de fabricación - 12. Distribución de gastos de los departamentos de servicios - 13. Distribución de los gastos de fabricación - 14. Control del costo de distribución - 15. Asientos mensuales de cierre - 16. Preparación de estados analiticos - 17. Estados comparativos - 18. Contabilidad de costo referido al proceso - 19. Costos tipo o estandar - 20. Analisis de las desviaciones - 21. Contabilidad de costos tipos - 22. Sistema de costos a base de estimación - 23. Consideraciones especiales - 24. Intereses sobre la inversion - 25. Graficas - 26. Ventajas que tiene para el auditor la contabilidad de costos - 27. Metodos uniformes. -- Vol. XI: Soluciones de los problemas. | ||
| 041 | _aspa | ||
| 942 | _cBK | ||
| 590 | _aniveau_biblio:m niveau_hierar:0 | ||
| 100 | 1 | _aLawrence, W.B. | |
| 700 | 1 | _aCastillo, Carlos | |
| 700 | 1 | _aPoulat, Julio R. | |
| 999 |
_c1797 _d1797 |
||